Del cielo con amor : (Registro nro. 10426)
[ vista simple ]
| 000 -LIDER | |
|---|---|
| fixed length control field | 00848nam a22002537a 4500 |
| 001 - NÚMERO DE CONTROL | |
| Identificador de número de control | 0002387 |
| 003 - IDENTIFICACDOR DE NÚMERO DE CONTROL | |
| control field | DO-SdBNP |
| 005 - DATE AND TIME OF LATEST TRANSACTION | |
| control field | 20180122102619.0 |
| 007 - CAMPOS FIJOS DE DESCRIPCIÓN FÍSICA | |
| fixed length control field | 0002387 |
| 008 - ELEMENTOS DE LONGITUD FIJA | |
| fixed length control field | 160617b 1987 flu xxu||||| |||| 00| 0 spa d |
| 020 ## - ISBN | |
| International Standard Book Number | 0816399107 |
| 040 ## - FUENTE DE CATALOGACIÓN | |
| Agencia que crea de manera original el registro | BPMSU |
| Idioma de catalogación | spa |
| Agencia que realiza la transcripción | BPMSU |
| 041 17 - CÓDIGOS DE OBRAS TRADUCIDAS O EN VARIOS IDIOMAS | |
| Código del idioma del texto/archivo de sonido o separata | spa |
| Cód. del idioma original y/o traducciones intermedias del texto | eng |
| 092 ## - LOCALLY ASSIGNED DEWEY DECIMAL CALL NUMBER | |
| Número de clasificación | xxxxx |
| Número de ítem (Cutter) | xxxxx |
| 240 ## - TITULO UNIFORME | |
| Título uniforme | From heaven with love. |
| Idioma de una obra | Español |
| 245 10 - MENCIÓN DE TITULO | |
| Título | Del cielo con amor : |
| Subtítulo | White / |
| Mención de responsabilidad | traducción ; Fernando Chaij |
| 260 ## - PUBLICACIÓN, DISTRIBUCIÓN, ETC. (PIE DE IMPRENTA) | |
| Lugar de publicación, distribución, etc | Bogotá : |
| Nombre del editor, distribuidor, etc. | Asociación Publicadora Interamericana, |
| Fecha de publicación, distribución, etc | 1987. |
| 300 ## - DESCRIPCIÓN FÍSICA | |
| Extensión | 556 p. ; |
| Dimensiones | 18 cm. |
| 500 ## - NOTA GENERAL | |
| Nota general | El texto completo de esta famosa obra se ha publicado en español con el título de El Deseado de todas las gentes. |
| 700 12 - ASIENTO SECUNDARIO -- NOMBRE PERSONAL | |
| Nombre personal | Chaij, Fernando, |
| Mención de responsabilidad | tr. |
| 942 ## - ADDED ENTRY ELEMENTS (KOHA) | |
| Source of classification or shelving scheme | Dewey Decimal Classification |
| Koha item type | Libros |
| 945 ## - INFORMACIÓN DE PROCESAMIENTO LOCAL | |
| Información de procesamiento local | inventariado, 2018 / dg |
| 956 ## - LOCAL ELECTRONIC LOCATION AND ACCESS (OCLC) | |
| Método de acceso | LOPEREZ |
| Materiales especificados | 10 |
| Enlace | 20160617 |
| Campo enlazado y núm. de secuencia | BPMSU |
| Nombre de host | 00041 |
| Withdrawn status | Lost status | Source of classification or shelving scheme | Damaged status | Not for loan | Home library | Current library | Date acquired | Source of acquisition | Total Checkouts | Barcode | Date last seen | Copy number | Price effective from | Koha item type |
|---|---|---|---|---|---|---|---|---|---|---|---|---|---|---|
| Dewey Decimal Classification | Biblioteca Pública Metropolitana Salomé Ureña | Biblioteca Pública Metropolitana Salomé Ureña | 06/17/2016 | FUNDI | BPMSU16060232 | 06/17/2016 | Ej. 1 | 06/17/2016 | Libros |